000 00975nam a2200217Ia 4500
999 _c37698
_d37698
001 3671
003 GE_BSU
005 20190624200009.0
008 181216s2010||||ge |||||||||||||| ||geo||
040 _cGE_BSU
041 _ageo
080 _a342.4(479.22) ს–32
245 _aსაქართველოს კონსტიტუცია და 2010 წლის კონსტიტუციური რეფორმა /
_cკონსტიტუციონალიზმის კვლევისა და ხელშეწყობის რეგიონული ცენტრი.
250 _aპირველი გამოცემა
264 _aთბილისი
_c2010
300 _a72 გვ. ;
_b20 სმ.
653 _aსაქართველოს კონსტიტუცია
653 _aსამართალი
700 _aგონაშვილი ვ. და სხვ.
_92853
942 _cBK
_2udc